000 00876nam a2200277 4500
003 EG-GICUC
005 20260425204853.0
008 260425s1908 fr ||||fr|||| 00| 0 fre d
040 _aEG-GiCUC
_bfre
_cEG-GiCUC
_dEG-GiCUC
_eRda
041 0 _afre
082 0 4 _221
_a343.6
_bRU . S
092 0 4 _221
099 _aLaw1 10 343.6 RU . S 1908
100 1 _aRyckère, Raymond de.
_eAuteur
245 1 0 _aLa servante criminelle : étude de criminologie professionnelle /
_cpar Raymond de Ryckère.
264 1 _aParis :
_bA. Maloine,
_c1908.
300 _a459 page ;
_c 24 cm.
336 _2rda contenu
_a texte
337 _2rda medias
_aOrdinateur
338 _2 transporteur rda
_a Ressource en ligne
546 _aTexte en français
650 1 4 _aCriminologie
856 4 0 _uhttps://fll.law.cu.edu.eg/fulltext/bks/B10-10830.pdf
905 _a30
942 _2ddc
_cBK
_e21
_n0
999 _c73360
_d73360